ENTITATS DE POBLACIÓ DE L'ALT EMPORDÀ - Statistics

General Stats
  • This quiz has been taken 8 times
    4 since last reset
  • The average score is 78 of 226
Answer Stats
POBLACIÓ MUNICIPI/ENTITAT DE POB. % Correct
A - Agullana
100%
A - Albanyà
100%
C - Cadaqués
100%
C - Castelló d'Empúries
100%
E Empuriabrava
100%
E - Espolla
100%
F - Figueres
100%
V - la Vajol
100%
V la Vall
100%
E - l'Escala
100%
L - Llançà
100%
P - Portbou
100%
R - Rabós
100%
R - Roses
100%
S - Sant Pere Pescador
100%
V - Ventalló
100%
V - Vilabertran
100%
V - Vilamacolum
100%
V - Vilanant
100%
V - Vilaür
100%
A - Avinyonet de Puigventós
67%
B - Bàscara
67%
B - Biure
67%
B Boadella d'Empordà
67%
B - Boadella i les Escaules
67%
B - Borrassà
67%
C - Cabanelles
67%
C - Cabanes
67%
C Camallera
67%
C - Cantallops
67%
C - Capmany
67%
C - Cistella
67%
C - Colera
67%
F - el Far d'Empordà
67%
P el Port
67%
P - el Port de la Selva
67%
F - Fortià
67%
G - Garrigàs
67%
G - Garriguella
67%
J - la Jonquera
67%
A - l'Armentera
67%
S - La Selva de Mar
67%
E les Escaules
67%
E l'Estrada
67%
L Llampaies
67%
L Lliurona
67%
M - Maçanet de Cabrenys
67%
M Marzà
67%
M - Masarac
67%
M - Mollet de Peralada
67%
N - Navata
67%
O - Ordis
67%
P Palau
67%
P - Palau de Santa Eulàlia
67%
P - Palau-saverdera
67%
P - Pau
67%
P Pedret
67%
P - Pedret i Marzà
67%
P - Peralada
67%
P - Pont de Molins
67%
P - Pontós
67%
S Santa Eulàlia
67%
S - Sant Climent Sescebes
67%
S Sant Martí d'Empúries
67%
S - Sant Miquel de Fluvià
67%
S - Sant Mori
67%
S Saus
67%
S - Siurana
67%
S Sous
67%
T - Terrades
67%
T - Torroella de Fluvià
67%
V Valveralla
67%
V Vilacolum
67%
V - Vilafant
67%
V - Vilajuïga
67%
V - Vilamaniscle
67%
V Vilanova de la Muga
67%
V - Vila-sacra
67%
V Vilatenim
67%
A Arenys d'Empordà
33%
B Base Militar
33%
B Bassegoda
33%
B Bon Relax
33%
C Calabuig
33%
C Carbonills
33%
C Cinc Claus
33%
C Creixell
33%
D - Darnius
33%
C el Camp dels Pilans
33%
P el Pla
33%
P el Pont del Príncep
33%
P el Portús
33%
M els Masos
33%
E Ermedàs
33%
B la Bomba
33%
R la Riera
33%
V la Vall de Santa Creu
33%
C les Corts
33%
F les Forques
33%
R les Roques
33%
S les Salines
33%
E l'Estela
33%
L - Lladó
33%
L - Llers
33%
M Mas Fumats
33%
M Mas Gros
33%
M Mas Sopes
33%
M Molinàs
33%
M Montjoi
33%
O Orriols
33%
P Palol
33%
P Pincaró
33%
R Requesens
33%
R Ribelles
33%
R - Riumors
33%
R Romanyà d'Empordà
33%
S - Santa Llogaia d'Àlguema
33%
S - Sant Llorenç de la Muga
33%
S Sant Tomàs de Fluvià
33%
S - Saus, Camallera i Llampaies
33%
T Tapis
33%
T Taravaus
33%
T Tonyà
33%
T Torremirona
33%
V Valleta
33%
V - Viladamat
33%
V Vilajoan
33%
V - Vilamalla
33%
V Vilarig
33%
V Vilarnadal
33%
V Vila-robau
33%
V Vilaüt
33%
A Afores
0%
A Arnera
0%
B Bellavista
0%
B Bosquerós
0%
C Cagaloca
0%
C Canelles
0%
C Can Jordi
0%
C Canyelles
0%
C Canyelles Petites, l'Almadrava i Santa Rosa de Puig-rom
0%
C Cap de Creus
0%
C Corsavell
0%
D Delfià
0%
B el Barri del Pantà
0%
F el Forn d'en Gestí
0%
M el Mas Mates
0%
M el Mas Pau
0%
P el Poblenou
0%
P el Priorat
0%
P el Pujol
0%
H els Hostalets
0%
M els Masos de Ventalló
0%
O els Olivars
0%
V els Vilars
0%
V el Veïnat d'Amunt
0%
V el Veïnat de Dalt
0%
E Espinavessa
0%
B la Bateria
0%
C la Coma
0%
C la Costa
0%
G la Garriga i el Cortijo
0%
G la Guàrdia
0%
A l'Aigüeta
0%
P la Palanca
0%
P la Pera i Pont Martí
0%
A l'Arbre Sec
0%
R la Ribera de les Planes
0%
A l'Arnera
0%
T la Timba
0%
V la Verneda
0%
V la Vila d'Avall
0%
A les Arengades i Camp dels Enginyers
0%
C les Costes
0%
C les Creus
0%
M les Masies de Dalt
0%
M les Mines
0%
S les Suredes d'en Mairo, els Grecs i la Muntanyeta
0%
E l'Estació
0%
T les Trescases
0%
L Llavanera
0%
O l'Oliva
0%
O l'Oliva Gran
0%
M Manol
0%
M Mare de Déu de Vida
0%
M Mas Bohera
0%
M Mas Boscà, Argonisla i el Card
0%
M Mas Isaac
0%
M Mas Oliva
0%
M Molí de Baix
0%
M Molí de Dalt
0%
M Montiró
0%
M Montperdut
0%
M Mont-roig
0%
N Nostra Senyora de la Mercè
0%
O Oliveda
0%
P Palauborell
0%
P Palau-Surroca
0%
P Pelacalç
0%
P Pla d'en Satlle
0%
P Polígon industrial Empordà Internacional
0%
P Pols
0%
P Pujolar
0%
Q Queixàs
0%
R Ricardell
0%
S Saldet
0%
S Santa Eugènia
0%
S Santa Margarida i el Salatar
0%
S Sant Antoni
0%
S Sant Baldiri
0%
S Sant Martí Sesserres
0%
S Sant Pere de Rodes
0%
A s'Arenella
0%
S Serra de Rodes
0%
S Setcases
0%
U Ullastre
0%
U Urbanització Golf Peralada
0%
V Veïnat de Candal
0%
V Veïnat de Sant Julià
0%
V Vilademires
0%
V Vilamorell
0%
V Vilartolí
0%
No matching quizzes found
Score Distribution
Percent of People with Each Score
Percentile by Number Answered
Your Score History
You have not taken this quiz since the last reset